Guess the lyrics (#5) - Statistics

General Stats
  • This quiz has been taken 534 times
  • The average score is 115 of 241
Answer Stats
Answer % Correct
I
98%
a
96%
the
92%
an
87%
you"
85%
to
82%
in
81%
he
80%
He
80%
And
79%
and
79%
when
79%
on
78%
who
78%
me
77%
me?
77%
is
75%
it
74%
"It
74%
It
74%
She
71%
she
71%
No,
70%
so
69%
your
66%
her
65%
my
64%
for
61%
of
61%
am
59%
not
59%
they
58%
are
55%
see
55%
that
53%
I'm
50%
was
50%
will
50%
at
47%
man
47%
as
46%
it's
46%
this
46%
up
44%
them
42%
Does
40%
does
40%
time
39%
has
37%
look
37%
out
37%
their
36%
woman
35%
had
34%
only
34%
way
32%
always
31%
come
29%
nice
29%
says
29%
Oh,
28%
she's
25%
sitting
23%
waiting
22%
even
21%
other
21%
looking
20%
diner
18%
really
18%
there's
18%
There's
18%
window
18%
before
17%
'cause
17%
corner
17%
head
17%
counter
16%
someone
16%
coffee
15%
pour
14%
sees
14%
somebody
14%
trying
14%
behind
13%
coming
13%
once
13%
rain
13%
hair
12%
feeling
11%
heard
11%
morning
11%
own
11%
thinking
11%
through
11%
inside
10%
outside
10%
while
10%
fills
9%
halfway
9%
argue
8%
kissing
8%
reflection
8%
shaking
8%
umbrella
8%
watching
8%
drinking
7%
milk
7%
no-one
7%
notice
7%
open
7%
train
7%
died
6%
gotten
6%
instead
6%
paper
6%
pretending
6%
skirt
6%
story
6%
voice
6%
wet
6%
actor
5%
finish
5%
funnies
5%
hellos
5%
hitching
5%
listening
5%
turning
5%
upon
5%
bells
4%
cathedral
4%
horoscope
4%
midnight
4%
raise
4%
stockings
4%
catch
3%
continue
3%
straightening
3%
began
2%
picnic
2%
No matching quizzes found
Score Distribution
Percent of People with Each Score
Percentile by Number Answered
Your Score History
You have not taken this quiz